Turkménsko - Kuvajt zajtrajška

Využitie druhých najväčších zásob plynu na svete v púšti Kara-Kum a Dešt-i-chul v Turkménsku. Možnosti využitia prírodného potenciálu po osamostatnení krajiny r. 1991. Doprava plynu do Európy. Zahraniční investori.

Saved in:
Bibliographic Details
Main Author: Brabec, J.
Format: Book Chapter
Language:Slovak
Subjects:
Tags: Add Tag
No Tags, Be the first to tag this record!

MARC

LEADER 00000naa a2200000 4500
001 r018805
005 20221213100004.2
041 0 |a slo 
044 |a SK 
245 1 0 |a Turkménsko - Kuvajt zajtrajška  |c J. Brabec 
520 |a Využitie druhých najväčších zásob plynu na svete v púšti Kara-Kum a Dešt-i-chul v Turkménsku. Možnosti využitia prírodného potenciálu po osamostatnení krajiny r. 1991. Doprava plynu do Európy. Zahraniční investori. 
610 2 0 |a Turkménsko 
610 2 0 |a 1991-1995 
610 2 0 |a plynovody 
610 2 0 |a investície zo zahraničia 
100 1 |a Brabec, J.